Košický knižničný kaleidoskop občasník

Bibliographic Details
Other Authors: Petercová, Štefánia, 1957- (Compiler)
Format: Journal
Language:Slovak
PhysicalDescription:zv. 21 cm
Published: Košice Štátna vedecká knižnica v Košiciach 2003-
ISSN:1338-0028
Subjects:
Online Access:http://www.svkk.sk/kaleidoskop.php

MARC

LEADER 00000nas a2200000 a 4500
001 vtls009526939
003 SK-MaSNL
005 20260228160318.0
008 160624c20039999xo x p 0 b0slo c
022 |a 1338-0028 
035 |a SKP000011771 
035 |a (SKP)vtls000011771 
040 |a BA001  |b slo  |c SNK  |d SNK  |e AACR2 
041 0 |a slo 
043 |a e-xo--- 
044 |a xo  |c SK 
072 7 |a 026/027  |x Knižnice  |2 konspekt 
072 7 |a 021  |x Funkcie, význam a využívanie knižníc  |2 konspekt 
080 |a 026/027  |2 2001 
080 |a 021  |2 2001 
080 |a (437.6)  |2 2001 
080 |a (036)  |2 2001 
245 0 0 |a Košický knižničný kaleidoskop  |b občasník 
260 |a Košice  |b Štátna vedecká knižnica v Košiciach  |c 2003- 
300 |a zv.  |c 21 cm 
310 |a Nepravidelne 
362 0 |a 2003- 
500 |a Všeobecné informácie zo života knižníc 
500 |a V r. 2006-2008 nevyšiel 
500 |a Zostavila: 2003-2005, 2009- , Štefánia Petercová 
500 |a Evidenčné č. MK SR: EV 3743/09 
650 0 7 |a knižnice  |2 SNKPH  |9 17965 
650 0 7 |a činnosť knižníc  |2 SNKPH  |9 66620 
651 7 |a Košický samosprávny kraj (Slovensko)  |2 SNKPH  |9 195425 
655 7 |a informačné publikácie  |2 SNKPH  |9 70181 
700 1 |a Petercová, Štefánia,  |d 1957-  |4 com  |9 201755 
856 4 1 |u http://www.svkk.sk/kaleidoskop.php 
910 |a snk 
999 |c 2126  |d 4056 
952 |0 0  |1 0  |4 0  |7 0  |8 0  |a SNK  |b SNK  |d 2009-09-17  |i snk2009/16650  |l 0  |o snkČSC 3444/2009  |p 17A0609177  |r 2026-02-21 19:31:14  |w 2026-02-21  |y PREZ 
952 |0 0  |1 0  |4 0  |7 0  |8 1  |a SNK  |b SNK  |d 2009-06-18  |i snk2009/11190  |l 0  |o snkČSC 3444/2005  |p 17A0609127  |r 2026-02-21 20:07:10  |w 2026-02-21  |y PREZ 
952 |0 0  |1 0  |4 0  |7 0  |8 0  |a SNK  |b SNK  |d 2011-10-07  |i snk2011/20814  |l 0  |o snkČSC 3444/2011  |p 17A0672389  |r 2026-02-21 20:29:34  |w 2026-02-21  |y PREZ 
952 |0 0  |1 0  |4 0  |7 0  |a SNK  |b SNK  |d 2009-06-18  |i snkKSP 6281/2004  |l 0  |o snkČSC 3444/2003 D1  |p 17A0428831  |r 2026-02-21 21:01:48  |w 2026-02-21  |y PREZ 
952 |0 0  |1 0  |4 0  |7 0  |a SNK  |b SNK  |d 2009-06-18  |i snkKSP 6280/2004  |l 0  |o snkČSC 3444/2003  |p 17A0428832  |r 2026-02-21 21:01:48  |w 2026-02-21  |y PREZ 
952 |0 0  |1 0  |4 0  |7 0  |8 1  |a SNK  |b SNK  |d 2009-06-18  |i snk2009/11189  |l 0  |o snkČSC 3444/2004  |p 17A0609320  |r 2026-02-21 21:01:48  |w 2026-02-21  |y PREZ